000 00409nam a2200145Ia 4500
008 100122s9999 xx 000 0 und d
082 _b48541
_a623.19
100 _aघाणेकर प्र के
245 _aगडदर्शन
260 _bस्नेहल प्रकाशन
_c1993
300 _a85
630 _aगडदर्शन
730 _aगडदर्शन
942 _cBOOK
999 _c427085
_d427082